Comparative anatomy of the vertebrates / (Record no. 12640)
[ view plain ]
| 000 -LEADER | |
|---|---|
| fixed length control field | 00728nam a2200253 a 4500 |
| 001 - CONTROL NUMBER | |
| control field | 12640 |
| 003 - CONTROL NUMBER IDENTIFIER | |
| rucl marc code | BD-RjUL |
| 005 - DATE AND TIME OF LATEST TRANSACTION | |
| control field | 20211208235330.0 |
| 008 - FIXED-LENGTH DATA ELEMENTS--GENERAL INFORMATION | |
| fixed length control field | 140129s19601951nyua b 001 0 eng |
| 035 ## - SYSTEM CONTROL NUMBER | |
| System control number | (BD-RjUL)12689 |
| 040 ## - CATALOGING SOURCE | |
| Original cataloging agency | DLC/ICU |
| Transcribing agency | ICU |
| Modifying agency | DLC |
| Language of cataloging | eng |
| 041 ## - LANGUAGE CODE | |
| Language code of text/sound track or separate title | eng |
| 082 00 - DEWEY DECIMAL CLASSIFICATION NUMBER | |
| Classification number | 596 |
| Author mark and year | EAC 1960 |
| Edition number | 23 |
| 100 1# - MAIN ENTRY--PERSONAL NAME | |
| Personal name | Eaton, Theodore H. |
| Fuller form of name | (Theodore Hildreth), |
| Dates associated with a name | 1907- |
| 9 (RLIN) | 39360 |
| 245 10 - TITLE STATEMENT | |
| Title | Comparative anatomy of the vertebrates / |
| Statement of responsibility, etc. | Theodore H Eaton |
| 250 ## - EDITION STATEMENT | |
| Edition statement | 2d ed. |
| 260 ## - PUBLICATION, DISTRIBUTION, ETC. (IMPRINT) | |
| Place of publication, distribution, etc. | New York : |
| Name of publisher, distributor, etc. | Harper, |
| Date of publication, distribution, etc. | [c1960] |
| 300 ## - PHYSICAL DESCRIPTION | |
| Pagination | 384 p. : |
| Illustrations | ill. ; |
| Size | 25 cm. |
| 504 ## - BIBLIOGRAPHY, ETC. NOTE | |
| Bibliography, etc | Includes bibliography. |
| 650 #0 - SUBJECT ADDED ENTRY--TOPICAL TERM | |
| Topical term or geographic name as entry element | Vertebrates |
| 9 (RLIN) | 39361 |
| Topical term or geographic name as entry element | Anatomy, Comparative. |
| 9 (RLIN) | 39362 |
| 942 ## - ADDED ENTRY ELEMENTS (KOHA) | |
| Source of classification or shelving scheme | Dewey Decimal Classification |
| Koha item type | Books |
| Lost status | Source of classification or shelving scheme | Damaged status | Not for loan | Collection code | Permanent Location | Current Location | Shelving location | Date acquired | Source of acquisition | Cost, normal purchase price | Total Checkouts | Full call number | Date last seen | Copy number | Koha item type |
|---|---|---|---|---|---|---|---|---|---|---|---|---|---|---|---|
| Dewey Decimal Classification | Non-fiction | Central Library, University of Rajshahi | Central Library, University of Rajshahi | 09/07/1982 | Aligore Library Raj | 42.00 | 596 EAC 1960 | 29/01/2014 | C-2 | Books | |||||
| Dewey Decimal Classification | Non-fiction | Central Library, University of Rajshahi | Central Library, University of Rajshahi | 09/07/1982 | Aligarh Library Raj. | 42.00 | 596 EAC 1975 | 03/04/2014 | C-3 | Books | |||||
| Dewey Decimal Classification | Not For Loan | Non-fiction | Central Library, University of Rajshahi | Central Library, University of Rajshahi | Reading Room | 09/07/1982 | Aligorh library, Rajshahi | 42.00 | 596 EAC 1966 | 28/05/2017 | C-1 | Books | |||
| Dewey Decimal Classification | Non-fiction | Central Library, University of Rajshahi | Central Library, University of Rajshahi | 09/07/1982 | Aligorh library, Rajshahi | 42.00 | 596 EAC 1966 | 28/05/2017 | C-4 | Books | |||||
| Dewey Decimal Classification | Non-fiction | Central Library, University of Rajshahi | Central Library, University of Rajshahi | 09/07/1982 | Aligorh library, Rajshahi | 42.00 | 596 EAC 1966 | 28/05/2017 | C-5 | Books |